[Event "72nd ch-ITA 2012"]
[Site "Torino ITA"]
[Date "2012.10.30"]
[Round "1"]
[White "Bellini, Fabio"]
[Black "Dvirnyy, Daniyyl"]
[Result "1/2-1/2"]
[WhiteTitle "IM"]
[BlackTitle "IM"]
[WhiteElo "2492"]
[BlackElo "2522"]
[WhiteFideId "800252"]
[BlackFideId "817570"]
[EventDate "2012.10.30"]

1. e4 e6 2. d4 d5 3. Nc3 Bb4 4. exd5 exd5 5. Bd3 c6 6. Ne2 Ne7 7. O-O Bf5 8. Ng3
Bxd3 9. Qxd3 O-O 10. Bg5 Qd7 11. Rae1 Na6 12. a3 Bd6 13. Nh5 f6 14. Bf4 Bxf4 15.
Nxf4 Nc7 16. Re2 Rae8 17. Rfe1 Nc8 18. Nb1 Nd6 19. Nd2 Rxe2 20. Rxe2 Re8 21. f3
Rxe2 22. Qxe2 Qf5 23. Nd3 Kf7 24. Nf1 Ne6 25. c3 h5 26. Ne3 Qg6 27. g3 h4 28.
Ng4 Qf5 29. Kg2 Qh7 30. Ngf2 hxg3 31. hxg3 Nf5 32. Nh3 Nd6 33. Ndf4 Nxf4+ 34.
Nxf4 Qf5 35. Nd3 Qe6 36. Qxe6+ Kxe6 37. Nc5+ Ke7 38. a4 b6 39. Nd3 Nc4 40. Kf2
Kd6 41. Ke2 Na5 1/2-1/2

[Event "72nd ch-ITA 2012"]
[Site "Torino ITA"]
[Date "2012.10.30"]
[Round "1"]
[White "Caprio, Guido"]
[Black "Brunello, Sabino"]
[Result "1-0"]
[WhiteTitle "IM"]
[BlackTitle "GM"]
[WhiteElo "2392"]
[BlackElo "2591"]
[WhiteFideId "834580"]
[BlackFideId "813613"]
[EventDate "2012.10.30"]

1. d4 Nf6 2. c4 e6 3. Nc3 Bb4 4. e3 c5 5. Ne2 cxd4 6. exd4 O-O 7. a3 Be7 8. Nf4
d5 9. cxd5 Nxd5 10. Ncxd5 exd5 11. Bd3 g6 12. O-O Nc6 13. Be3 Bf6 14. Rc1 Qd6
15. Rc5 Be6 16. Nxe6 fxe6 17. Qg4 Bg7 18. Rfc1 Rad8 19. h4 Nxd4 20. h5 Nf5 21.
Bf4 e5 22. Bg5 Ne7 23. hxg6 e4 24. Rc7 Qxg6 25. Be2 Qf7 26. Rxe7 Qxf2+ 27. Kh1
Rd6 28. Rcc7 1-0

[Event "72nd ch-ITA 2012"]
[Site "Torino ITA"]
[Date "2012.10.30"]
[Round "1"]
[White "Godena, Michele"]
[Black "David, Alberto"]
[Result "1/2-1/2"]
[WhiteTitle "GM"]
[BlackTitle "GM"]
[WhiteElo "2526"]
[BlackElo "2590"]
[WhiteFideId "800090"]
[BlackFideId "4000013"]
[EventDate "2012.10.30"]

1. e4 c6 2. d4 d5 3. Nd2 dxe4 4. Nxe4 Nd7 5. Nf3 Ngf6 6. Nxf6+ Nxf6 7. Ne5 Bf5
8. c3 e6 9. Bd3 Bxd3 10. Qxd3 Be7 11. O-O O-O 12. Bg5 Nd7 13. Nxd7 Qxd7 14. Bxe7
Qxe7 15. Rfe1 1/2-1/2

[Event "72nd ch-ITA 2012"]
[Site "Torino ITA"]
[Date "2012.10.30"]
[Round "1"]
[White "Genocchio, Daniele"]
[Black "Altini, Nicola"]
[Result "0-1"]
[WhiteTitle "IM"]
[BlackTitle "FM"]
[WhiteElo "2443"]
[BlackElo "2354"]
[WhiteFideId "806463"]
[BlackFideId "833924"]
[EventDate "2012.10.30"]

1. c4 c5 2. Nc3 Nc6 3. Nf3 g6 4. e3 Nf6 5. d4 cxd4 6. exd4 d5 7. Bg5 Ne4 8. cxd5
Nxc3 9. bxc3 Qxd5 10. Be2 Bg7 11. O-O O-O 12. c4 Qd6 13. d5 Na5 14. Rc1 b6 15.
Qd2 Nb7 16. Nd4 Bd7 17. Bf3 Bxd4 18. Qxd4 e5 19. Qh4 f6 20. Bd2 Rac8 21. Be2 Qe7
22. Rce1 g5 23. Qg3 Nc5 24. Bh5 Kh8 25. h4 gxh4 26. Qxh4 Rg8 27. Re3 Bf5 28. Qh2
Ne4 29. Bc1 Rxc4 30. Be2 Ra4 31. f4 exf4 32. Qxf4 Qg7 33. Bf3 Rxa2 34. Rxe4
Rxg2+ 35. Kh1 Rg1+ 36. Kh2 Rxf1 37. Be3 Bxe4 0-1

[Event "72nd ch-ITA 2012"]
[Site "Torino ITA"]
[Date "2012.10.30"]
[Round "1"]
[White "Garcia Palermo, Carlos"]
[Black "Rombaldoni, Denis"]
[Result "1-0"]
[WhiteTitle "GM"]
[BlackTitle "IM"]
[WhiteElo "2481"]
[BlackElo "2511"]
[WhiteFideId "110124"]
[BlackFideId "813575"]
[EventDate "2012.10.30"]

1. d4 d5 2. c4 e6 3. Nf3 Nf6 4. cxd5 exd5 5. Bg5 Bb4+ 6. Nbd2 O-O 7. e3 h6 8.
Bh4 c5 9. dxc5 g5 10. Bg3 g4 11. a3 Bxc5 12. Ne5 Re8 13. Bb5 Re7 14. Rc1 Qb6 15.
Be2 Bf5 16. O-O h5 17. b4 Bxe3 18. fxe3 Rxe5 19. Bxe5 Qxe3+ 20. Rf2 Qxe5 21. Qf1
Qe3 22. Kh1 Nbd7 23. Rxf5 Qxd2 24. Rd1 Qe3 25. Bb5 Qe6 26. Bxd7 Nxd7 27. Rfxd5
Nf8 28. Rxh5 Re8 29. Rhd5 Re7 30. Qf2 Ng6 31. Rd6 Qe4 32. R6d4 Qe6 33. Qg3 Qe2
34. Kg1 f5 35. Qd3 Qxd3 36. R1xd3 Re1+ 37. Kf2 Ra1 38. Rc3 Ra2+ 39. Ke1 Kf7 40.
Rd6 Nf8 41. Rc7+ Ke8 42. Rxb7 Rxg2 43. Rf6 1-0

[Event "72nd ch-ITA 2012"]
[Site "Torino ITA"]
[Date "2012.10.31"]
[Round "2"]
[White "Rombaldoni, Denis"]
[Black "Rombaldoni, Axel"]
[Result "1/2-1/2"]
[WhiteTitle "IM"]
[BlackTitle "IM"]
[WhiteElo "2511"]
[BlackElo "2446"]
[WhiteFideId "813575"]
[BlackFideId "815837"]
[EventDate "2012.10.30"]

1. d4 Nf6 2. c4 g6 3. Nc3 Bg7 4. e4 d6 5. Nge2 O-O 6. f3 e5 7. Bg5 h6 8. Bh4 c6
9. Qc2 Nbd7 10. Rd1 Qc7 11. dxe5 dxe5 12. Nc1 Nc5 13. Nb3 Ne6 14. c5 Nh5 15. Bc4
Nhf4 16. O-O b5 17. cxb6 axb6 18. Bf2 Rd8 19. Bxe6 Bxe6 20. Nb5 Qb7 21. Nd6 Qc7
22. Nb5 Qb7 23. Nd6 Qe7 24. Bxb6 Rxd6 25. Bc5 Nh3+ 26. gxh3 Qg5+ 27. Kh1 Rxd1
28. Rxd1 Rxa2 29. Ba3 Qe3 30. Qd3 Qxd3 31. Rxd3 Bxh3 32. Rd1 Be6 33. Nc5 Bh3 34.
Na4 Bf8 35. Nc3 Bxa3 36. Nxa2 Bxb2 37. Nb4 c5 38. Nd3 Bd4 39. Rc1 Kg7 40. Nxc5
Kf6 41. Nb3 Bf2 42. Rc2 Be3 43. Rc3 Bf2 44. Nc1 Bd4 45. Rc6+ Kg5 46. Ne2 Bf2 47.
Ng1 Bxg1 48. Kxg1 Be6 49. Kf2 Kf4 50. Rb6 g5 51. Rb8 g4 52. fxg4 Bxg4 53. Rf8
Be6 54. Rh8 Kxe4 55. Rxh6 Kf4 56. h4 e4 57. h5 e3+ 58. Ke1 Kg5 59. Rh8 Bg4 60.
h6 Bh5 61. h7 Kg6 62. Rf8 Kxh7 63. Rxf7+ Bxf7 64. Ke2 1/2-1/2

[Event "72nd ch-ITA 2012"]
[Site "Torino ITA"]
[Date "2012.10.31"]
[Round "2"]
[White "Bellini, Fabio"]
[Black "Caprio, Guido"]
[Result "1/2-1/2"]
[WhiteTitle "IM"]
[BlackTitle "IM"]
[WhiteElo "2492"]
[BlackElo "2392"]
[WhiteFideId "800252"]
[BlackFideId "834580"]
[EventDate "2012.10.30"]

1. e4 c5 2. c3 Nf6 3. e5 Nd5 4. Nf3 Nc6 5. Bc4 Nb6 6. Bb3 d5 7. exd6 c4 8. Bc2
e5 9. O-O Be6 10. d4 cxd3 11. Bxd3 h6 12. Nbd2 Bxd6 13. Ne4 Be7 14. Ng3 Qd7 15.
Qe2 Rd8 16. Bb5 f6 17. Be3 O-O 18. Bxb6 axb6 19. Nh4 Qd2 20. Bc4 Bf7 21. Bxf7+
Rxf7 22. Qb5 Bc5 23. Ne4 Qd3 24. Qxd3 Rxd3 25. Rfd1 Rfd7 26. Rxd3 Rxd3 27. Kf1
Kf7 28. Ke2 Rd8 29. g4 g6 30. Ng3 Be7 31. Ng2 Ke6 32. f4 exf4 33. Nxf4+ Kf7 34.
Ne4 Ne5 35. h3 f5 36. gxf5 gxf5 37. Ng3 Bg5 38. Rf1 Nc4 39. b3 Rd2+ 40. Ke1 Rxa2
41. bxc4 Ra1+ 42. Ke2 Rxf1 43. Kxf1 Bxf4 44. Nxf5 Ke6 45. Nd4+ Ke5 46. Ke2 Ke4
47. Ne6 Be5 48. Nd8 Bxc3 49. Nxb7 Bb4 50. Nd8 Kd4 51. Nc6+ Kxc4 52. Na7 Bc5 53.
Kf3 Kb4 54. Ke4 Ka5 55. Kd5 Bf2 56. Kc4 Ka6 57. Nb5 Bc5 58. Nc3 Kb7 59. Kd5 Bb4
60. Nb5 Ka6 61. Kc4 Bc5 62. Nc3 Kb7 63. Kd5 1/2-1/2

[Event "72nd ch-ITA 2012"]
[Site "Torino ITA"]
[Date "2012.10.31"]
[Round "2"]
[White "David, Alberto"]
[Black "Genocchio, Daniele"]
[Result "1-0"]
[WhiteTitle "GM"]
[BlackTitle "IM"]
[WhiteElo "2590"]
[BlackElo "2443"]
[WhiteFideId "4000013"]
[BlackFideId "806463"]
[EventDate "2012.10.30"]

1. e4 c5 2. Nf3 e6 3. d3 Nc6 4. g3 g6 5. Bg5 Qb6 6. Nbd2 Qxb2 7. Nc4 Qc3+ 8. Bd2
Qg7 9. Bg2 f6 10. O-O Nh6 11. c3 Be7 12. d4 Nf7 13. Qa4 Rb8 14. Rab1 a6 15. Nb6
O-O 16. d5 exd5 17. exd5 Nce5 18. Nxe5 Nxe5 19. f4 Nf7 20. Rfe1 Nd6 21. f5 Nxf5
22. Bf4 d6 23. Qe4 h5 24. Bh3 1-0

[Event "72nd ch-ITA 2012"]
[Site "Torino ITA"]
[Date "2012.10.31"]
[Round "2"]
[White "Altini, Nicola"]
[Black "Garcia Palermo, Carlos"]
[Result "1-0"]
[WhiteTitle "FM"]
[BlackTitle "GM"]
[WhiteElo "2354"]
[BlackElo "2481"]
[WhiteFideId "833924"]
[BlackFideId "110124"]
[EventDate "2012.10.30"]

1. d4 Nf6 2. c4 e6 3. Nf3 b6 4. g3 Bb7 5. Bg2 c6 6. O-O Be7 7. Nc3 d5 8. Ne5 O-O
9. e4 dxc4 10. a4 a6 11. Nxc4 b5 12. axb5 axb5 13. Rxa8 Bxa8 14. Ne3 Qb6 15. e5
Nd5 16. Nexd5 cxd5 17. Qg4 Kh8 18. Rd1 b4 19. Ne2 Nc6 20. Nf4 Bb7 21. h4 Bc8 22.
Be3 b3 23. Rc1 Nb4 24. Nh5 g6 25. Bh6 Nc2 26. Bg7+ Kg8 27. Bxf8 Kxf8 28. Nf6
Bxf6 29. exf6 h5 30. Qf4 Ke8 31. Bf1 Kd8 32. Rd1 Bd7 33. Rd3 Be8 34. Qd2 Ba4 35.
Qh6 Qb4 36. Qf4 Qb6 37. Qd2 Be8 38. Qc3 Ba4 39. Be2 Nb4 40. Rd2 Na2 41. Qe3 Qc7
42. Bd1 Qc1 43. Rd3 Qxb2 44. Bxb3 Qb1+ 45. Kg2 Nb4 46. Rc3 Bb5 47. Qf4 Nc6 48.
Qd6+ Ke8 49. Bxd5 1-0

[Event "72nd ch-ITA 2012"]
[Site "Torino ITA"]
[Date "2012.10.31"]
[Round "2"]
[White "Brunello, Sabino"]
[Black "Godena, Michele"]
[Result "1-0"]
[WhiteTitle "GM"]
[BlackTitle "GM"]
[WhiteElo "2591"]
[BlackElo "2526"]
[WhiteFideId "813613"]
[BlackFideId "800090"]
[EventDate "2012.10.30"]

1. d4 d5 2. c4 dxc4 3. e4 Nf6 4. e5 Nd5 5. Bxc4 Nb6 6. Bd3 Nc6 7. Be3 Nb4 8. Be4
f5 9. exf6 exf6 10. Nc3 f5 11. Bb1 N4d5 12. Nf3 Nxe3 13. fxe3 Qe7 14. O-O Be6
15. a4 a5 16. e4 fxe4 17. Bxe4 O-O-O 18. Ne5 Qb4 19. Nb5 Kb8 20. Qc2 Bd6 21.
Bxb7 Bxe5 22. dxe5 Qc4 23. Qf2 Rhf8 24. Bf3 Qb4 25. Qc2 Bc4 26. Rfd1 Qc5+ 27.
Kh1 Qxe5 28. b3 Bxb5 29. axb5 Rxd1+ 30. Rxd1 Re8 31. h3 Qxb5 32. Qxh7 Qxb3 33.
Qg6 Qa4 34. Rb1 Re7 35. Qd3 Kc8 36. Bg4+ Kb7 37. Qd5+ Ka7 38. Qc5 Rf7 39. Be6
Rf4 1-0

[Event "72nd ch-ITA 2012"]
[Site "Torino ITA"]
[Date "2012.10.31"]
[Round "2"]
[White "Dvirnyy, Daniyyl"]
[Black "De Filomeno, Simone"]
[Result "1-0"]
[WhiteTitle "IM"]
[BlackTitle "FM"]
[WhiteElo "2522"]
[BlackElo "2356"]
[WhiteFideId "817570"]
[BlackFideId "828688"]
[EventDate "2012.10.30"]

1. e4 c5 2. Nf3 d6 3. d4 cxd4 4. Nxd4 Nf6 5. Nc3 a6 6. Bg5 e6 7. f4 Be7 8. Qf3
Nbd7 9. O-O-O Qc7 10. Bd3 h6 11. Bh4 g5 12. fxg5 Ne5 13. Qe2 Nfg4 14. Nf3 hxg5
15. Bg3 Bd7 16. h3 Nxf3 17. hxg4 Nh4 18. e5 d5 19. Rdf1 Rf8 20. Rh3 Bc6 21. Kb1
O-O-O 22. Ka1 Kb8 23. Nb1 d4 24. Rf2 Bd5 25. Nd2 Qc6 26. Be4 Bxe4 27. Qxe4 Qxe4
28. Nxe4 d3 29. cxd3 Rxd3 30. a3 Rd4 31. Nf6 Rh8 32. Rc2 Ng6 33. Rh5 Rc8 34. Rf2
Rc1+ 35. Ka2 Bxf6 36. exf6+ Kc8 37. Rxg5 Rd3 38. Rxg6 Rxg3 39. Rg7 Rc7 40. g5 1-0

[Event "72nd ch-ITA 2012"]
[Site "Torino ITA"]
[Date "2012.11.01"]
[Round "3"]
[White "Caprio, Guido"]
[Black "Dvirnyy, Daniyyl"]
[Result "1/2-1/2"]
[WhiteTitle "IM"]
[BlackTitle "IM"]
[WhiteElo "2392"]
[BlackElo "2522"]
[WhiteFideId "834580"]
[BlackFideId "817570"]
[EventDate "2012.10.30"]

1. d4 d5 2. c4 c6 3. Nf3 Nf6 4. e3 Bf5 5. Nc3 e6 6. Nh4 Be4 7. f3 Bg6 8. Qb3 Qc7
9. g3 Nbd7 10. cxd5 Nxd5 11. Nxg6 hxg6 12. e4 Nxc3 13. bxc3 Be7 14. Kf2 g5 15.
Kg2 O-O 16. Be3 b5 17. a4 bxa4 18. Qxa4 a5 19. Be2 c5 20. Rhd1 Rfb8 21. Rd2 cxd4
22. cxd4 Rb4 23. Qc2 Qb7 24. d5 exd5 25. exd5 Rc8 26. Qd1 Rb3 27. Bf2 a4 28. d6
Bf6 29. Rxa4 Rb1 30. Ba6 Rxd1 31. Bxb7 Rxd2 32. Bxc8 Nb6 33. Re4 Nxc8 34. Re8+
Kh7 35. Rxc8 Bd4 36. d7 Rxf2+ 37. Kh3 Bf6 38. d8=Q Bxd8 39. Rxd8 Rxf3 40. Kg4
Rf2 41. Kxg5 Rxh2 42. Rd5 f6+ 43. Kf4 Rf2+ 44. Ke3 Rf1 45. Ke2 Ra1 46. Kf3 Kg6
47. g4 Re1 48. Kf2 Re5 49. Rd3 Rg5 50. Kf3 Ra5 51. Kg3 Ra1 52. Rd5 Ra3+ 53. Kg2
Re3 54. Kf2 Re5 55. Rd3 Kg5 56. Kg3 Ra5 57. Rb3 g6 58. Rc3 Ra4 59. Rc5+ f5 60.
gxf5 gxf5 61. Rc3 Rg4+ 62. Kf2 Rf4+ 63. Kg3 Rg4+ 64. Kf2 Rh4 65. Rg3+ Rg4 66.
Kf3 Rxg3+ 67. Kxg3 f4+ 68. Kf3 Kf6 69. Kxf4 1/2-1/2

[Event "72nd ch-ITA 2012"]
[Site "Torino ITA"]
[Date "2012.11.01"]
[Round "3"]
[White "Garcia Palermo, Carlos"]
[Black "David, Alberto"]
[Result "0-1"]
[WhiteTitle "GM"]
[BlackTitle "GM"]
[WhiteElo "2481"]
[BlackElo "2590"]
[WhiteFideId "110124"]
[BlackFideId "4000013"]
[EventDate "2012.10.30"]

1. d4 Nf6 2. Nf3 e6 3. g3 b6 4. Bg2 Bb7 5. O-O c5 6. e3 d5 7. b3 Nbd7 8. Bb2 Be7
9. c4 O-O 10. Qe2 Rc8 11. Rd1 dxc4 12. bxc4 Qc7 13. Nbd2 Rfe8 14. Rac1 Qb8 15.
Ne1 Bxg2 16. Nxg2 Qb7 17. Nf4 cxd4 18. exd4 Qa6 19. a3 Qa4 20. Nf3 Bf8 21. Rd2
Rc7 22. Rdc2 Qa5 23. Nd3 Qh5 24. Kg2 Rec8 25. h3 Qf5 26. Nd2 Qa5 27. f4 Qa6 28.
Ne5 Bxa3 29. Bxa3 Qxa3 30. g4 Nd5 0-1

[Event "72nd ch-ITA 2012"]
[Site "Torino ITA"]
[Date "2012.11.01"]
[Round "3"]
[White "Godena, Michele"]
[Black "Bellini, Fabio"]
[Result "1/2-1/2"]
[WhiteTitle "GM"]
[BlackTitle "IM"]
[WhiteElo "2526"]
[BlackElo "2492"]
[WhiteFideId "800090"]
[BlackFideId "800252"]
[EventDate "2012.10.30"]

1. e4 e6 2. d4 d5 3. Nd2 c5 4. Ngf3 cxd4 5. Nxd4 Nf6 6. exd5 Nxd5 7. N2f3 Bb4+
8. Bd2 O-O 9. Bc4 Bc5 10. Nb3 Be7 11. O-O Nc6 1/2-1/2

[Event "72nd ch-ITA 2012"]
[Site "Torino ITA"]
[Date "2012.11.01"]
[Round "3"]
[White "Rombaldoni, Axel"]
[Black "Altini, Nicola"]
[Result "1-0"]
[WhiteTitle "IM"]
[BlackTitle "FM"]
[WhiteElo "2446"]
[BlackElo "2354"]
[WhiteFideId "815837"]
[BlackFideId "833924"]
[EventDate "2012.10.30"]

1. d4 d5 2. c4 c6 3. Nf3 Nf6 4. Nbd2 Bf5 5. Nh4 Bg6 6. Qb3 Qb6 7. Qh3 Na6 8.
Nxg6 fxg6 9. c5 Qc7 10. a3 e5 11. e3 e4 12. f3 exf3 13. gxf3 Be7 14. Qe6 Kf8 15.
Nb3 Re8 16. Qh3 Kf7 17. Bd2 Rhf8 18. Qg3 Nh5 19. Qxc7 Nxc7 20. O-O-O b6 21. cxb6
axb6 22. Bh3 Ne6 23. Kb1 c5 24. dxc5 bxc5 25. Bc3 Rd8 26. Rd2 Ng5 27. Bg2 Kg8
28. f4 d4 29. Ba5 dxe3 30. Rxd8 Bxd8 31. fxg5 Nf4 32. Bf3 c4 33. Bxd8 Rxd8 34.
Nc1 h6 35. a4 hxg5 36. Re1 Re8 37. Be2 Rc8 38. a5 g4 39. Bxg4 Ra8 40. Rxe3 Rxa5
41. Ne2 1-0

[Event "72nd ch-ITA 2012"]
[Site "Torino ITA"]
[Date "2012.11.01"]
[Round "3"]
[White "De Filomeno, Simone"]
[Black "Rombaldoni, Denis"]
[Result "0-1"]
[WhiteTitle "FM"]
[BlackTitle "IM"]
[WhiteElo "2356"]
[BlackElo "2511"]
[WhiteFideId "828688"]
[BlackFideId "813575"]
[EventDate "2012.10.30"]

1. e4 c6 2. d4 d5 3. e5 Bf5 4. Nd2 e6 5. Nb3 Nd7 6. Nf3 Ne7 7. Be2 h6 8. O-O g5
9. Ne1 Qc7 10. Be3 O-O-O 11. Nd3 Ng6 12. Bg4 Be4 13. f3 Bxd3 14. Qxd3 c5 15.
dxc5 Ngxe5 16. Qc3 h5 17. Bxg5 hxg4 18. Bxd8 Kxd8 19. f4 Ng6 20. g3 Nxc5 21. Kg2
Nxb3 22. axb3 Bc5 23. Rae1 Qc6 24. Qf6+ Be7 25. Qxf7 Qxc2+ 0-1

[Event "72nd ch-ITA 2012"]
[Site "Torino ITA"]
[Date "2012.11.01"]
[Round "3"]
[White "Genocchio, Daniele"]
[Black "Brunello, Sabino"]
[Result "1/2-1/2"]
[WhiteTitle "IM"]
[BlackTitle "GM"]
[WhiteElo "2443"]
[BlackElo "2591"]
[WhiteFideId "806463"]
[BlackFideId "813613"]
[EventDate "2012.10.30"]

1. e4 e5 2. Nf3 Nc6 3. Nc3 Nf6 4. d4 exd4 5. Nxd4 Bb4 6. Nxc6 bxc6 7. Bd3 O-O 8.
O-O d5 9. exd5 cxd5 10. Bg5 c6 11. Na4 h6 12. Bh4 Bd6 13. Re1 Rb8 14. c4 Be6 15.
cxd5 Bxd5 16. b3 Rb4 17. Bg3 Bxg3 18. hxg3 h5 19. Qd2 a5 20. Rad1 h4 21. Bf5
hxg3 22. fxg3 g6 23. Qg5 Nh5 24. Re7 Qd6 25. Be6 Qxg3 26. Qxg3 Nxg3 27. Bxd5
cxd5 28. Nc3 Rh4 29. Rxd5 Rc8 30. Ne2 Nf5 31. Red7 Kg7 32. Rd8 Rc6 33. Rxa5 Rc2
34. Re8 Nd6 35. Re3 Nf5 36. Re8 Rg4 37. Kf1 Nh4 38. Ra4 Rxa4 39. bxa4 Rxa2 40.
Re4 Nf5 41. g4 Nd6 42. Rb4 Kf6 43. Nc3 Rc2 44. Ne4+ Nxe4 45. Rxe4 Kg5 46. Rb4
Ra2 47. Ke1 f6 48. Kf1 Kh4 49. Rf4 Kg5 50. Rb4 Rc2 51. Kg1 Rd2 52. Rc4 Ra2 53.
Rb4 Rc2 54. Rd4 Kh4 55. Rf4 Kg5 1/2-1/2

[Event "72nd ch-ITA 2012"]
[Site "Torino ITA"]
[Date "2012.11.02"]
[Round "4"]
[White "Dvirnyy, Daniyyl"]
[Black "Rombaldoni, Denis"]
[Result "1/2-1/2"]
[WhiteTitle "IM"]
[BlackTitle "IM"]
[WhiteElo "2522"]
[BlackElo "2511"]
[WhiteFideId "817570"]
[BlackFideId "813575"]
[EventDate "2012.10.30"]

1. e4 c6 2. d4 d5 3. Nc3 dxe4 4. Nxe4 Nf6 5. Nxf6+ exf6 6. c3 Bd6 7. Bd3 Be6 8.
Ne2 Qc7 9. Qc2 Nd7 10. Bd2 Nf8 11. O-O-O b5 12. Rde1 Rb8 13. g3 Kd8 14. Bf4 Ng6
15. Bxd6 Qxd6 16. Kb1 a5 17. Nc1 a4 18. Bf5 Bc4 19. a3 Ne7 20. Be4 Nd5 21. Nd3
Bxd3 22. Qxd3 g6 23. Re2 Kd7 24. Rhe1 Rhe8 25. Qf3 Re6 26. Bxd5 1/2-1/2

[Event "72nd ch-ITA 2012"]
[Site "Torino ITA"]
[Date "2012.11.02"]
[Round "4"]
[White "Bellini, Fabio"]
[Black "Genocchio, Daniele"]
[Result "1-0"]
[WhiteTitle "IM"]
[BlackTitle "IM"]
[WhiteElo "2492"]
[BlackElo "2443"]
[WhiteFideId "800252"]
[BlackFideId "806463"]
[EventDate "2012.10.30"]

1. e4 c5 2. Nf3 Nc6 3. Bb5 g6 4. Bxc6 bxc6 5. O-O Bg7 6. Re1 Nh6 7. c3 O-O 8. d4
cxd4 9. cxd4 d6 10. Nc3 f6 11. b3 Nf7 12. Bb2 f5 13. e5 Qa5 14. Na4 Rb8 15. Rc1
Bb7 16. Nd2 f4 17. Rc2 Nh6 18. Nc4 Qd8 19. d5 cxd5 20. exd6 e5 21. Nxe5 Qxd6 22.
Nc4 Qd8 23. Bxg7 Kxg7 24. Nc5 Bc8 25. Rd2 f3 26. Rxd5 Qh4 27. gxf3 Nf5 28. Nd7
Qh3 29. Re4 Bxd7 30. Rxd7+ Kg8 31. Qd5+ Kh8 32. Qe5+ Kg8 33. Nd6 Qh6 34. Qe6+
Kh8 35. Qe5+ Kg8 36. Nxf5 gxf5 37. Qd5+ Kh8 38. Qe5+ Kg8 39. Qd5+ Kh8 40. Qd4+
Kg8 41. Qc4+ Kh8 42. Ree7 Rb6 43. Qc7 1-0

[Event "72nd ch-ITA 2012"]
[Site "Torino ITA"]
[Date "2012.11.02"]
[Round "4"]
[White "Brunello, Sabino"]
[Black "Garcia Palermo, Carlos"]
[Result "1-0"]
[WhiteTitle "GM"]
[BlackTitle "GM"]
[WhiteElo "2591"]
[BlackElo "2481"]
[WhiteFideId "813613"]
[BlackFideId "110124"]
[EventDate "2012.10.30"]

1. d4 d5 2. c4 e6 3. Nc3 Nf6 4. cxd5 exd5 5. Bg5 Be7 6. e3 c6 7. Qc2 Nbd7 8. Bd3
Nf8 9. Nge2 Ne6 10. Bh4 g6 11. O-O Nh5 12. Bxe7 Qxe7 13. e4 dxe4 14. Bxe4 Nf6
15. d5 Ng5 16. Ng3 Ngxe4 17. Ngxe4 Nxe4 18. Nxe4 Bf5 19. Qc3 O-O-O 20. Ng3 Bd7
21. Rfe1 Qd6 22. Ne4 Qxd5 23. Rad1 Qxa2 24. Qe5 Be6 25. Nd6+ Rxd6 26. Qxh8+ Kc7
27. Rxd6 Kxd6 28. Qb8+ Ke7 29. Qxb7+ Kf6 30. Qb8 Qa5 31. Qh8+ Kf5 32. Rc1 h5 33.
Qd4 Bd5 34. h4 Ke6 35. Rc3 Qb6 36. Re3+ Kd7 37. Qc3 a5 38. Rd3 Qb4 39. Qxb4 axb4
40. Rd4 b3 41. f3 Ke6 42. Kf2 f6 43. Ke3 g5 44. g3 Ke5 45. Rb4 Kf5 46. Rb8 gxh4
47. gxh4 Be6 48. Rh8 Bf7 49. Kd4 Kg6 50. Ke4 Bd5+ 51. Kf4 Be6 52. Rd8 Bc4 53.
Rc8 Bd5 54. Rc7 Kh6 55. Kf5 Bxf3 56. Kxf6 Bd5 57. Rg7 Be4 58. Rg3 Bd5 59. Rg6+
Kh7 60. Rg5 Kh6 61. Re5 Bg8 62. Re8 Kh7 63. Re7+ Kh6 64. Rc7 Bd5 65. Rc8 Kh7 66.
Kg5 Bf3 67. Rc7+ Kg8 68. Kg6 Be4+ 69. Kxh5 Kf8 70. Kg5 Ke8 71. Kf4 1-0

[Event "72nd ch-ITA 2012"]
[Site "Torino ITA"]
[Date "2012.11.02"]
[Round "4"]
[White "Altini, Nicola"]
[Black "De Filomeno, Simone"]
[Result "0-1"]
[WhiteTitle "FM"]
[BlackTitle "FM"]
[WhiteElo "2354"]
[BlackElo "2356"]
[WhiteFideId "833924"]
[BlackFideId "828688"]
[EventDate "2012.10.30"]

1. d4 d5 2. c4 e6 3. Nf3 Nf6 4. g3 dxc4 5. Bg2 Nc6 6. O-O Rb8 7. Nc3 a6 8. e4
Be7 9. Qe2 b5 10. d5 exd5 11. e5 Ng4 12. h3 Nh6 13. Bxh6 gxh6 14. Rad1 Be6 15.
Qe3 Nb4 16. Ne1 c5 17. Qxh6 d4 18. f4 Bf8 19. Qh5 Qc7 20. Ne4 Kd8 21. Ng5 Rg8
22. Qxh7 Rg7 23. Qh4 Qe7 24. a3 Nd5 25. Bxd5 Bxd5 26. Nef3 Bxf3 27. Rxf3 Kc7 28.
Qg4 b4 29. Qf5 c3 30. axb4 cxb2 31. Ra3 Rxb4 32. Rxa6 Kb8 33. Rd6 Qc7 34. Rd7
Qb6 35. Rb1 Rc4 36. Kf2 Rc1 37. Qf6 Rc2+ 38. Kf3 Qxf6 39. exf6 Rg8 40. Ke4 c4
41. Rxd4 Ba3 42. Nxf7 Rc1 43. Rd1 Rxd1 44. Rxd1 c3 45. Kd3 c2 46. Kxc2 Rc8+ 47.
Kb3 Rc1 48. Kxa3 b1=Q 49. Rxc1 Qxc1+ 50. Kb3 Qe3+ 51. Kc4 Qe6+ 52. Kd4 Qxf7 0-1

[Event "72nd ch-ITA 2012"]
[Site "Torino ITA"]
[Date "2012.11.02"]
[Round "4"]
[White "David, Alberto"]
[Black "Rombaldoni, Axel"]
[Result "1/2-1/2"]
[WhiteTitle "GM"]
[BlackTitle "IM"]
[WhiteElo "2590"]
[BlackElo "2446"]
[WhiteFideId "4000013"]
[BlackFideId "815837"]
[EventDate "2012.10.30"]

1. c4 Nf6 2. Nc3 d5 3. cxd5 Nxd5 4. g3 g6 5. Bg2 Nxc3 6. bxc3 Bg7 7. Rb1 Nc6 8.
Qc2 Qd7 9. Qa4 Nd8 10. Qxd7+ Bxd7 11. c4 Rb8 12. Nf3 c5 13. O-O O-O 14. d3 Ba4
15. Bb2 b6 16. Ng5 Nc6 17. Bxg7 Kxg7 18. Ne4 Nd4 19. Nc3 Bc6 20. Rb2 1/2-1/2

[Event "72nd ch-ITA 2012"]
[Site "Torino ITA"]
[Date "2012.11.03"]
[Round "5"]
[White "Garcia Palermo, Carlos"]
[Black "Bellini, Fabio"]
[Result "1/2-1/2"]
[WhiteTitle "GM"]
[BlackTitle "IM"]
[WhiteElo "2481"]
[BlackElo "2492"]
[WhiteFideId "110124"]
[BlackFideId "800252"]
[EventDate "2012.10.30"]

1. d4 e6 2. c4 b6 3. Nf3 Bb4+ 4. Bd2 Bxd2+ 5. Nbxd2 Bb7 6. g3 f5 7. Bg2 Nf6 8.
O-O O-O 9. b4 Qe7 10. Qb3 Nc6 11. b5 Na5 12. Qb2 a6 13. a4 axb5 14. axb5 Ne4 1/2-1/2

[Event "72nd ch-ITA 2012"]
[Site "Torino ITA"]
[Date "2012.11.03"]
[Round "5"]
[White "Genocchio, Daniele"]
[Black "Caprio, Guido"]
[Result "0-1"]
[WhiteTitle "IM"]
[BlackTitle "IM"]
[WhiteElo "2443"]
[BlackElo "2392"]
[WhiteFideId "806463"]
[BlackFideId "834580"]
[EventDate "2012.10.30"]

1. e4 c5 2. Nf3 d6 3. c3 Nf6 4. Bd3 Bg4 5. O-O Nc6 6. h3 Bh5 7. Bc2 e6 8. d3 Be7
9. Re1 d5 10. Nbd2 Qc7 11. Nf1 O-O-O 12. Qe2 dxe4 13. dxe4 Bd6 14. Qe3 Nd7 15.
g4 Bg6 16. Nh4 f6 17. Nxg6 hxg6 18. Bb3 Rde8 19. Kg2 g5 20. Ng3 Nde5 21. Qe2 Ng6
22. Nh5 Nce5 23. Rh1 Re7 24. Be3 Qc6 25. Bc2 Nh4+ 26. Kf1 g6 27. Nxf6 Rf7 28.
Bxg5 Nhf3 29. Qe3 Nxg5 30. Qxg5 Rhf8 0-1